[Event "Titled Tuesday intern op 29th Aug Early"]
[Site "Chess.com INT"]
[Date "2023.08.29"]
[Round "1"]
[White "Khromkin, Andrey"]
[Black "Kim, Yoon Young"]
[Result "0-1"]
[WhiteElo "2191"]
[BlackElo "2304"]
[PlyCount "82"]
[EventDate "2023.08.29"]
[EventType "swiss (blitz)"]
[EventRounds "11"]
[EventCountry "USA"]
[SourceTitle "EXT 2024"]
[Source "ChessBase"]
[SourceDate "2023.10.10"]
[SourceVersion "1"]
[SourceVersionDate "2023.10.10"]
[SourceQuality "1"]

1. d4 d5 2. c4 c6 3. cxd5 cxd5 4. Nc3 e5 5. Nf3 e4 6. Nd2 Nc6 7. Nb3 f5 8. Bf4 Nf6 9. h4 Bd6 10. Qd2 0-0 11. g3 Be7 12. Bg2 h6 13. 0-0-0 Be6 14. Kb1 a5 15. Nc5 Bxc5 16. dxc5 d4 17. Nb5 Nd5 18. Nxd4 Nxf4 19. gxf4 Bd5 20. Nxf5 Rxf5 21. Bh3 Be6 22. Qxd8+ Nxd8 23. Bxf5 Bxf5 24. e3 Ne6 25. Rd5 Bg4 26. Rc1 Rc8 27. c6 bxc6 28. Rxa5 Be2 29. b4 Bd3+ 30. Kb2 Kf7 31. a4 Rb8 32. Ka3 Rc8 33. f5 Nd8 34. b5 c5 35. b6 c4 36. Ra7+ Kf6 37. a5 c3 38. b7 Rb8 39. a6 Kxf5 40. Rxc3 Bxa6 41. Rxa6 Rxb7 0-1

[Event "Titled Tuesday intern op 29th Aug Early"]
[Site "Chess.com INT"]
[Date "2023.08.29"]
[Round "2"]
[White "Shevchenko, Kirill"]
[Black "Kim, Yoon Young"]
[Result "1-0"]
[WhiteElo "2675"]
[BlackElo "2304"]
[PlyCount "85"]
[EventDate "2023.08.29"]
[EventType "swiss (blitz)"]
[EventRounds "11"]
[EventCountry "USA"]
[SourceTitle "EXT 2024"]
[Source "ChessBase"]
[SourceDate "2023.10.10"]
[SourceVersion "1"]
[SourceVersionDate "2023.10.10"]
[SourceQuality "1"]

1. d4 d5 2. c4 c6 3. cxd5 cxd5 4. Bg5 Nc6 5. Nc3 Nf6 6. Bxf6 gxf6 7. e3 e6 8. Bd3 f5 9. f4 Qh4+ 10. g3 Qd8 11. Nf3 Bd7 12. 0-0 Be7 13. Qe2 0-0 14. h3 Kh8 15. Kh2 Rg8 16. Rg1 Qf8 17. Rg2 Qh6 18. Rh1 Rg6 19. Kg1 Rag8 20. g4 f6 21. Rhh2 Nb4 22. Bb1 Qf8 23. a3 Nc6 24. gxf5 exf5 25. Nxd5 Bd6 26. Nh4 Rxg2+ 27. Rxg2 Qf7 28. Rxg8+ Kxg8 29. Qg2+ Kf8 30. Nxf5 Bb8 31. Nh6 Qg7 32. Qxg7+ Kxg7 33. Bf5 Be8 34. Ng4 Bf7 35. Ndxf6 h5 36. Nd7 hxg4 37. hxg4 Bc7 38. Kf2 Na5 39. Nc5 b6 40. Ne6+ Bxe6 41. Bxe6 Kf6 42. Bd5 Ke7 43. b4 1-0

[Event "Titled Tuesday intern op 15th Aug Late"]
[Site "Chess.com INT"]
[Date "2023.08.15"]
[Round "3"]
[White "Kim, Yoon Young"]
[Black "Bressy, Theo"]
[Result "0-1"]
[WhiteElo "2304"]
[BlackElo "2183"]
[PlyCount "72"]
[EventDate "2023.08.15"]
[EventType "swiss (blitz)"]
[EventRounds "11"]
[EventCountry "USA"]
[SourceTitle "EXT 2024"]
[Source "ChessBase"]
[SourceDate "2023.10.10"]
[SourceVersion "1"]
[SourceVersionDate "2023.10.10"]
[SourceQuality "1"]

1. d4 d5 2. Nf3 Nf6 3. c4 c6 4. Nc3 dxc4 5. a4 Bf5 6. e3 e6 7. Bxc4 Bb4 8. 0-0 0-0 9. Qe2 Bg4 10. Rd1 Nbd7 11. h3 Bh5 12. g4 Bg6 13. Ne5 Nd5 14. Nxg6 hxg6 15. Bd2 Bxc3 16. bxc3 Qh4 17. Kg2 e5 18. e4 N5b6 19. Bb3 a5 20. dxe5 Nc5 21. Bc2 Qe7 22. f4 g5 23. Rdb1 Nbd7 24. fxg5 Nxe5 25. Be3 Ne6 26. h4 Rfd8 27. Rd1 Rxd1 28. Rxd1 Rd8 29. Bb3 Rxd1 30. Qxd1 Nc5 31. Bc2 Nc4 32. Bd4 Nxe4 33. Qd3 Ncd6 34. Bb3 Qd7 35. Kh3 c5 36. Be5 Nf2+ 0-1

[Event "Titled Tuesday intern op 01st Aug Early"]
[Site "Chess.com INT"]
[Date "2023.08.01"]
[Round "5"]
[White "Kim, Yoon Young"]
[Black "Pranav, V."]
[Result "1-0"]
[WhiteElo "2304"]
[BlackElo "2588"]
[PlyCount "83"]
[EventDate "2023.08.01"]
[EventType "swiss (blitz)"]
[EventRounds "11"]
[EventCountry "USA"]
[SourceTitle "EXT 2024"]
[Source "ChessBase"]
[SourceDate "2023.10.10"]
[SourceVersion "1"]
[SourceVersionDate "2023.10.10"]
[SourceQuality "1"]

1. d4 Nf6 2. c4 g6 3. Nc3 Bg7 4. Nf3 d6 5. Bg5 0-0 6. e3 Nbd7 7. Be2 h6 8. Bh4 b6 9. Qc2 Bb7 10. 0-0 Re8 11. Rfd1 e5 12. Rac1 exd4 13. Nxd4 Nc5 14. b4 Nce4 15. Nxe4 Bxe4 16. Bd3 Bxd3 17. Rxd3 Qd7 18. c5 d5 19. c6 Qe7 20. a3 a5 21. Qb3 axb4 22. axb4 Red8 23. Nb5 Rac8 24. Na7 Ra8 25. Nb5 g5 26. Bg3 Rdc8 27. h3 Ne4 28. Rxd5 Nxg3 29. fxg3 Qe6 30. Qd3 Be5 31. Qe4 Re8 32. Rd7 Qb3 33. Qf3 Rf8 34. Nxc7 Qb2 35. Rf1 Rac8 36. Rxf7 Bg7 37. Ne6 Qxb4 38. Rxg7+ Kh8 39. Qxf8+ Rxf8 40. Rxf8+ Qxf8 41. Nxf8 Kxg7 42. c7 1-0

[Event "Titled Tuesday intern op 01st Aug Early"]
[Site "Chess.com INT"]
[Date "2023.08.01"]
[Round "1"]
[White "Kotyk, Michael"]
[Black "Kim, Yoon Young"]
[Result "1-0"]
[WhiteElo "2167"]
[BlackElo "2304"]
[PlyCount "69"]
[EventDate "2023.08.01"]
[EventType "swiss (blitz)"]
[EventRounds "11"]
[EventCountry "USA"]
[SourceTitle "EXT 2024"]
[Source "ChessBase"]
[SourceDate "2023.10.10"]
[SourceVersion "1"]
[SourceVersionDate "2023.10.10"]
[SourceQuality "1"]

1. e4 e5 2. Nc3 Nf6 3. f4 d5 4. fxe5 Nxe4 5. Nf3 Bc5 6. d4 Bb4 7. Bd3 Bg4 8. 0-0 Nc6 9. Ne2 Be7 10. h3 Bh5 11. Nf4 Bg6 12. c3 Ng3 13. Re1 Bxd3 14. Qxd3 Qd7 15. e6 fxe6 16. Nxe6 Ne4 17. Nxg7+ Kd8 18. Rxe4 dxe4 19. Qxe4 Kc8 20. Bf4 Bd6 21. Bxd6 Qxg7 22. Bh2 Rg8 23. g4 Qg6 24. Qf4 Qg7 25. d5 Rf8 26. Qg3 Nd8 27. Rd1 b6 28. d6 Kb7 29. Ne5 cxd6 30. Rxd6 Qc7 31. Rd7 Ne6 32. Rxc7+ Nxc7 33. Nd7 Rf7 34. Qg2+ Kc8 35. Bxc7 1-0

[Event "Titled Tuesday intern op 01st Aug Early"]
[Site "Chess.com INT"]
[Date "2023.08.01"]
[Round "6"]
[White "Shtembuliak, Evgeny"]
[Black "Kim, Yoon Young"]
[Result "1-0"]
[WhiteElo "2620"]
[BlackElo "2304"]
[PlyCount "113"]
[EventDate "2023.08.01"]
[EventType "swiss (blitz)"]
[EventRounds "11"]
[EventCountry "USA"]
[SourceTitle "EXT 2024"]
[Source "ChessBase"]
[SourceDate "2023.10.10"]
[SourceVersion "1"]
[SourceVersionDate "2023.10.10"]
[SourceQuality "1"]

1. c4 e5 2. Nc3 Nf6 3. Nf3 Nc6 4. e3 Bb4 5. Qc2 Bxc3 6. Qxc3 Qe7 7. b3 0-0 8. Bb2 d6 9. h3 a5 10. a3 Bf5 11. d3 Bg6 12. Nh4 d5 13. Nxg6 hxg6 14. cxd5 Nxd5 15. Qc4 Nb6 16. Qc2 Rfd8 17. Be2 Rd6 18. 0-0 Rad8 19. Rfc1 Nd5 20. Bf3 Kh7 21. Qc5 Qe6 22. Qb5 Nb6 23. Bxc6 bxc6 24. Qxe5 f6 25. Qxe6 Rxe6 26. d4 Nd5 27. Bc3 Ra8 28. Bd2 f5 29. g3 g5 30. Re1 Kg6 31. Rac1 Rh8 32. Kg2 Ra8 33. Rc5 a4 34. b4 g4 35. h4 Kf7 36. Rec1 Ra6 37. Ra5 Rb6 38. Rxa4 g5 39. hxg5 Kg6 40. Rh1 Ne7 41. Ra8 Kxg5 42. e4+ Kg6 43. Rh6+ Kf7 44. Rh7+ Kg6 45. exf5+ Nxf5 46. Rxc7 Nxd4 47. Be3 Rd6 48. Rg8+ Kf6 49. Rxg4 Ne6 50. Bxb6 Kf5 51. Rf4+ Nxf4+ 52. gxf4 Kxf4 53. Be3+ Ke4 54. Re7+ Kd3 55. Re5 Rg6+ 56. Kf3 Kc4 57. Rc5+ 1-0

[Event "Titled Tuesday intern op 10th Jan Early"]
[Site "Chess.com INT"]
[Date "2023.01.10"]
[Round "2"]
[White "Eljanov, Pavel"]
[Black "Kim, Yoon Young"]
[Result "1-0"]
[WhiteElo "2706"]
[BlackElo "2315"]
[PlyCount "77"]
[EventDate "2023.01.10"]
[EventType "swiss (blitz)"]
[EventRounds "11"]
[EventCountry "USA"]
[SourceTitle "EXT 2024"]
[Source "ChessBase"]
[SourceDate "2023.10.10"]
[SourceVersion "1"]
[SourceVersionDate "2023.10.10"]
[SourceQuality "1"]

1. e4 e5 2. Nf3 Nc6 3. Nc3 Nf6 4. d4 exd4 5. Nxd4 Bb4 6. Nxc6 bxc6 7. Bd3 d5 8. exd5 cxd5 9. 0-0 0-0 10. h3 c6 11. Qf3 Re8 12. Bf4 a5 13. a3 Bd6 14. Rfe1 Be6 15. Ne2 Bxf4 16. Nxf4 Rb8 17. b3 Rb7 18. Nxe6 fxe6 19. Re5 Qd6 20. Rae1 Qxa3 21. Rxe6 Rbe7 22. Qf5 Rxe6 23. Rxe6 Qc1+ 24. Kh2 Rxe6 25. Qxe6+ Kf8 26. Qd6+ Kf7 27. Qc7+ Kf8 28. Qxc6 Qf4+ 29. Kg1 Qc1+ 30. Bf1 Qd2 31. Qc5+ Kf7 32. f3 d4 33. Qc4+ Ke7 34. Qd3 Qf4 35. c3 dxc3 36. Qxc3 Qf5 37. Qc7+ Kf8 38. Bc4 Nh5 39. Qd8# 1-0

[Event "Titled Tuesday intern op 10th Jan Late"]
[Site "Chess.com INT"]
[Date "2023.01.10"]
[Round "1"]
[White "Kim, Yoon Young"]
[Black "Garcia Correa, Jose Ricardo"]
[Result "1/2-1/2"]
[WhiteElo "2315"]
[BlackElo "2103"]
[PlyCount "196"]
[EventDate "2023.01.10"]
[EventType "swiss (blitz)"]
[EventRounds "11"]
[EventCountry "USA"]
[SourceTitle "EXT 2024"]
[Source "ChessBase"]
[SourceDate "2023.10.10"]
[SourceVersion "1"]
[SourceVersionDate "2023.10.10"]
[SourceQuality "1"]

1. d4 d5 2. c4 e6 3. Nf3 c6 4. Nbd2 Nf6 5. g3 Nbd7 6. Bg2 Bd6 7. 0-0 0-0 8. Qc2 e5 9. cxd5 Nxd5 10. Nc4 Nb4 11. Qb3 Be7 12. dxe5 a5 13. Rd1 Qc7 14. Bf4 Nc5 15. Qe3 Ne6 16. Nb6 Ra6 17. Nxc8 Rxc8 18. Qc1 Nd5 19. Bd2 Raa8 20. a3 a4 21. e4 Nb6 22. Be3 Nd7 23. Qc3 Bc5 24. Rxd7 Qxd7 25. Bxc5 Nxc5 26. Qxc5 Qd3 27. e6 fxe6 28. Ne5 Qb3 29. Qe7 Rf8 30. Qb4 Qc2 31. Nf3 b5 32. Qc3 Qxc3 33. bxc3 Rac8 34. Rb1 Rfd8 35. Nd4 e5 36. Nf5 Rc7 37. Bf1 Rd2 38. c4 Ra2 39. cxb5 cxb5 40. Rxb5 Rxa3 41. Rxe5 Ra1 42. Kg2 g6 43. Ne3 a3 44. Bc4+ Kg7 45. Ra5 h5 46. h4 Rc1 47. Rxa3 R1xc4 48. Nxc4 Rxc4 49. Kf3 Kf6 50. Kf4 Rc2 51. f3 Rf2 52. Ra6+ Kg7 53. Kg5 Rxf3 54. Rxg6+ Kf7 55. Kxh5 Re3 56. Rg4 Kf6 57. Rf4+ Ke5 58. Kg4 Ra3 59. h5 Ra6 60. Kg5 Ra3 61. g4 Ra8 62. Rf5+ Kxe4 63. Rf6 Rg8+ 64. Rg6 Re8 65. h6 Re5+ 66. Kh4 Kf4 67. h7 Re1 68. Rf6+ Ke5 69. h8Q Rh1+ 70. Kg5 Rxh8 71. Rf2 Rg8+ 72. Kh5 Rh8+ 73. Kg5 Rg8+ 74. Kh4 Rh8+ 75. Kg3 Rg8 76. Rf1 Ke4 77. Rf7 Ke5 78. Kh4 Rh8+ 79. Kg5 Rg8+ 80. Kh5 Rh8+ 81. Kg6 Rg8+ 82. Kh5 Rh8+ 83. Kg5 Rg8+ 84. Kh4 Rh8+ 85. Kg3 Rg8 86. Rf5+ Ke6 87. Kf4 Ra8 88. Rb5 Rf8+ 89. Kg3 Rg8 90. g5 Kf7 91. Kg4 Kg6 92. Rb6+ Kg7 93. Kf5 Rf8+ 94. Kg4 Rf1 95. Rb7+ Kg6 96. Rb6+ Kg7 97. Rb4 Kg6 98. Rb6+ Kg7 1/2-1/2

[Event "Titled Tuesday intern op 10th Jan Early"]
[Site "Chess.com INT"]
[Date "2023.01.10"]
[Round "3"]
[White "Kim, Yoon Young"]
[Black "Kirillov, Dmitry1111"]
[Result "1-0"]
[WhiteElo "2315"]
[BlackElo "2200"]
[PlyCount "91"]
[EventDate "2023.01.10"]
[EventType "swiss (blitz)"]
[EventRounds "11"]
[EventCountry "USA"]
[SourceTitle "EXT 2024"]
[Source "ChessBase"]
[SourceDate "2023.10.10"]
[SourceVersion "1"]
[SourceVersionDate "2023.10.10"]
[SourceQuality "1"]

1. Nf3 d5 2. g3 g6 3. Bg2 Bg7 4. d4 Nf6 5. 0-0 0-0 6. c4 c6 7. Qb3 dxc4 8. Qxc4 Be6 9. Qc2 Bf5 10. Qb3 Qb6 11. Qa3 Re8 12. Nc3 Nbd7 13. Be3 Nd5 14. Bd2 Nxc3 15. bxc3 Qc7 16. Nh4 e5 17. Nxf5 gxf5 18. e3 e4 19. Rab1 b5 20. c4 a6 21. Rfc1 Nb6 22. Ba5 Qb7 23. Qc5 Nc8 24. Qxf5 Nd6 25. Qf4 Qd7 26. cxb5 axb5 27. Bb4 Nc4 28. Bxe4 Rxa2 29. Qf3 Ra6 30. Bf5 Qc7 31. Bd3 Nd6 32. Qh5 h6 33. Qf3 Qd7 34. Qf4 Nc8 35. Bf5 Qd8 36. Qf3 Qc7 37. Be4 Na7 38. Bc5 Nc8 39. d5 cxd5 40. Bxd5 Ne7 41. Bb7 Rf6 42. Qe4 Nc6 43. Qxe8+ Kh7 44. Bxc6 Rxc6 45. Qe7 Rxc5 46. Qxc7 1-0

[Event "Titled Tuesday intern op 10th Jan Early"]
[Site "Chess.com INT"]
[Date "2023.01.10"]
[Round "5"]
[White "Kim, Yoon Young"]
[Black "Neiksans, Arturs"]
[Result "1-0"]
[WhiteElo "2315"]
[BlackElo "2606"]
[PlyCount "87"]
[EventDate "2023.01.10"]
[EventType "swiss (blitz)"]
[EventRounds "11"]
[EventCountry "USA"]
[SourceTitle "EXT 2024"]
[Source "ChessBase"]
[SourceDate "2023.10.10"]
[SourceVersion "1"]
[SourceVersionDate "2023.10.10"]
[SourceQuality "1"]

1. d4 f5 2. g3 Nf6 3. Bg2 g6 4. c3 Bg7 5. Qb3 Nc6 6. Nd2 d5 7. Ndf3 0-0 8. h4 a5 9. a4 b6 10. Nh3 Ba6 11. Nf4 Qd6 12. h5 Nxh5 13. Nxd5 e6 14. Nf4 Nxf4 15. Bxf4 Qd7 16. Ng5 Rae8 17. Rxh7 Nd8 18. 0-0-0 Bxe2 19. Rdh1 Bh5 20. Bf3 Nf7 21. R7xh5 gxh5 22. Bxh5 Nxg5 23. Bxe8 Rxe8 24. Bxg5 Qc6 25. Re1 Kf7 26. Qc2 b5 27. axb5 Qxb5 28. Qe2 Qd5 29. Qh5+ Kf8 30. Bh6 Re7 31. Qg6 Bxh6+ 32. Qxh6+ Ke8 33. Qh8+ Kd7 34. Qe5 Qa2 35. Kc2 a4 36. Qb5+ c6 37. Qb7+ Kd6 38. Qb4+ Kd7 39. Re5 Qa1 40. Ra5 Ke8 41. Qxa4 Qf1 42. Qxc6+ Kf7 43. Qf3 Qh1 44. Qxh1 1-0

[Event "Titled Tuesday intern op 10th Jan Early"]
[Site "Chess.com INT"]
[Date "2023.01.10"]
[Round "6"]
[White "Kosakowski, Jakub"]
[Black "Kim, Yoon Young"]
[Result "1-0"]
[WhiteElo "2466"]
[BlackElo "2315"]
[PlyCount "67"]
[EventDate "2023.01.10"]
[EventType "swiss (blitz)"]
[EventRounds "11"]
[EventCountry "USA"]
[SourceTitle "EXT 2024"]
[Source "ChessBase"]
[SourceDate "2023.10.10"]
[SourceVersion "1"]
[SourceVersionDate "2023.10.10"]
[SourceQuality "1"]

1. d4 Nf6 2. Nf3 d5 3. c3 e6 4. Bf4 c5 5. e3 Bd6 6. Bg3 0-0 7. Nbd2 Qc7 8. dxc5 Qxc5 9. Bd3 Rd8 10. Qe2 Nc6 11. e4 Bxg3 12. hxg3 g6 13. e5 Nd7 14. Nb3 Qe7 15. Qe3 f6 16. exf6 Qxf6 17. 0-0-0 Nf8 18. Nbd4 Bd7 19. Kb1 Re8 20. Rde1 a6 21. g4 Rac8 22. g5 Qg7 23. Nxc6 Bxc6 24. Ne5 Nd7 25. Ng4 e5 26. Qh3 e4 27. Bc2 Rf8 28. f3 Rce8 29. fxe4 dxe4 30. Rh2 Re7 31. Reh1 e3 32. Nxe3 Qe5 33. Bb3+ Rff7 34. Qxh7+ 1-0

[Event "Titled Tuesday intern op 03rd Jan Late"]
[Site "Chess.com INT"]
[Date "2023.01.03"]
[Round "3"]
[White "Kim, Yoon Young"]
[Black "Fishbein, Mitch"]
[Result "1-0"]
[WhiteElo "2315"]
[BlackElo "2098"]
[PlyCount "83"]
[EventDate "2023.01.03"]
[EventType "swiss (blitz)"]
[EventRounds "11"]
[EventCountry "USA"]
[SourceTitle "EXT 2024"]
[Source "ChessBase"]
[SourceDate "2023.10.10"]
[SourceVersion "1"]
[SourceVersionDate "2023.10.10"]
[SourceQuality "1"]

1. d4 Nf6 2. c4 g6 3. Nc3 Bg7 4. Nf3 0-0 5. Bg5 d6 6. e3 c5 7. d5 e6 8. Nd2 h6 9. Bh4 exd5 10. cxd5 a6 11. a4 Re8 12. Be2 Nbd7 13. 0-0 Ne5 14. h3 g5 15. Bg3 Ng6 16. Qc2 h5 17. Nc4 Bf8 18. Bd3 h4 19. Bh2 Kg7 20. f3 Nh5 21. Ne4 Ng3 22. Nxg3 hxg3 23. Bxg3 Qc7 24. a5 Bd7 25. Qc3+ f6 26. Qc2 Nh8 27. Bf5 Bb5 28. Be6 Nf7 29. f4 Bxc4 30. Qxc4 b5 31. Qc3 gxf4 32. Rxf4 Ne5 33. Raf1 Be7 34. Bh4 Rf8 35. Qe1 Kh7 36. Bf5+ Kg7 37. Qg3+ Kf7 38. Be6+ Ke8 39. Bxf6 Bxf6 40. Rxf6 Rxf6 41. Rxf6 Qe7 42. Qg8+ 1-0

[Event "Titled Tuesday intern op 03rd Jan Late"]
[Site "Chess.com INT"]
[Date "2023.01.03"]
[Round "7"]
[White "Kim, Yoon Young"]
[Black "Shimanov, Aleksandr"]
[Result "0-1"]
[WhiteElo "2315"]
[BlackElo "2581"]
[PlyCount "64"]
[EventDate "2023.01.03"]
[EventType "swiss (blitz)"]
[EventRounds "11"]
[EventCountry "USA"]
[SourceTitle "EXT 2024"]
[Source "ChessBase"]
[SourceDate "2023.10.10"]
[SourceVersion "1"]
[SourceVersionDate "2023.10.10"]
[SourceQuality "1"]

1. d4 e6 2. c4 c5 3. d5 d6 4. Nc3 g6 5. Nf3 Bg7 6. Bg5 Bxc3+ 7. bxc3 f6 8. Bc1 e5 9. g3 Qe7 10. Bg2 Nd7 11. 0-0 Kd8 12. a4 a5 13. Rb1 Kc7 14. Ne1 b6 15. Nc2 f5 16. Na3 Ba6 17. Nb5+ Bxb5 18. Rxb5 g5 19. Bd2 h5 20. Qc2 e4 21. Rfb1 h4 22. Qc1 hxg3 23. hxg3 f4 24. gxf4 gxf4 25. Bxf4 Ngf6 26. Bg3 Nh5 27. Qe3 Nxg3 28. fxg3 Rae8 29. Rf1 Qh7 30. Rf4 Qh2+ 31. Kf2 Rhf8 32. Rb1 Ne5 0-1

[Event "Titled Tuesday intern op 03rd Jan Late"]
[Site "Chess.com INT"]
[Date "2023.01.03"]
[Round "4"]
[White "Kujawski, Adam"]
[Black "Kim, Yoon Young"]
[Result "0-1"]
[WhiteElo "2191"]
[BlackElo "2315"]
[PlyCount "90"]
[EventDate "2023.01.03"]
[EventType "swiss (blitz)"]
[EventRounds "11"]
[EventCountry "USA"]
[SourceTitle "EXT 2024"]
[Source "ChessBase"]
[SourceDate "2023.10.10"]
[SourceVersion "1"]
[SourceVersionDate "2023.10.10"]
[SourceQuality "1"]

1. e4 e5 2. Nf3 Nc6 3. Bb5 a6 4. Ba4 Nf6 5. 0-0 Be7 6. Re1 b5 7. Bb3 d6 8. c3 0-0 9. h3 Nb8 10. d4 Nbd7 11. Nbd2 Bb7 12. Bc2 Re8 13. Nf1 Bf8 14. Ng3 g6 15. a4 Nb6 16. a5 Nbd7 17. b4 Bg7 18. dxe5 dxe5 19. Bb3 c5 20. Bg5 c4 21. Bc2 h6 22. Be3 Qc7 23. Qd2 Kh7 24. Rad1 Rad8 25. Qd6 Qc8 26. Nh2 Qa8 27. Ng4 Nxg4 28. hxg4 Qc8 29. g5 Bf8 30. Qd2 h5 31. Qe2 Bg7 32. Nxh5 gxh5 33. Qxh5+ Kg8 34. g3 Nf8 35. Bb6 Rxd1 36. Rxd1 Qa8 37. f3 Qc8 38. Rd6 Ng6 39. Rxg6 fxg6 40. Qxg6 Qe6 41. Qh5 Bc8 42. g6 Qh3 43. Qxh3 Bxh3 44. g4 Bh6 45. Kh2 Bf1 0-1

[Event "Titled Tuesday intern op 04th Oct Late"]
[Site "Chess.com INT"]
[Date "2022.10.04"]
[Round "1"]
[White "Kim, Yoon Young"]
[Black "Remolar Gallen, Jose"]
[Result "1-0"]
[WhiteElo "2315"]
[BlackElo "2305"]
[PlyCount "105"]
[EventDate "2022.10.04"]
[EventType "swiss (blitz)"]
[EventRounds "11"]
[EventCountry "USA"]
[SourceTitle "EXT 2023"]
[Source "ChessBase"]
[SourceDate "2022.10.05"]
[SourceVersion "1"]
[SourceVersionDate "2022.10.05"]
[SourceQuality "1"]

1. d4 Nf6 2. Nf3 g6 3. g3 Bg7 4. Bg2 0-0 5. 0-0 d6 6. b3 a5 7. Bb2 a4 8. c4 axb3 9. axb3 Rxa1 10. Bxa1 Na6 11. Nc3 c5 12. d5 Nb4 13. h3 Bf5 14. Nd2 Qc8 15. Kh2 Bc2 16. Qc1 e6 17. dxe6 fxe6 18. Na2 Nxa2 19. Qxc2 Nb4 20. Qb1 Qc7 21. Bc3 Nc6 22. Rd1 Ng4+ 23. hxg4 Bxc3 24. Ne4 Be5 25. f4 d5 26. cxd5 exd5 27. Rxd5 Bxf4 28. gxf4 Qxf4+ 29. Kh1 Qh6+ 30. Kg1 Qe3+ 31. Kh2 Qf4+ 32. Ng3 Qh6+ 33. Kg1 Qe3+ 34. Kh2 Qh6+ 35. Nh5 gxh5 36. Rxh5 Qf4+ 37. Kh1 Qc7 38. Bd5+ Kh8 39. Be4 Rf7 40. Bg6 Rg7 41. Qf5 Ne7 42. Qf8+ Ng8 43. Bd3 Qg3 44. Qf5 Qc7 45. g5 b5 46. g6 c4 47. gxh7 cxd3 48. hxg8Q+ Kxg8 49. Qe6+ Qf7 50. Qc8+ Qf8 51. Rh8+ Kxh8 52. Qxf8+ Kh7 53. Qf5+ 1-0

[Event "Titled Tuesday intern op 04th Oct Late"]
[Site "Chess.com INT"]
[Date "2022.10.04"]
[Round "4"]
[White "Richter, Paul"]
[Black "Kim, Yoon Young"]
[Result "0-1"]
[WhiteElo "2171"]
[BlackElo "2315"]
[PlyCount "78"]
[EventDate "2022.10.04"]
[EventType "swiss (blitz)"]
[EventRounds "11"]
[EventCountry "USA"]
[SourceTitle "EXT 2023"]
[Source "ChessBase"]
[SourceDate "2022.10.05"]
[SourceVersion "1"]
[SourceVersionDate "2022.10.05"]
[SourceQuality "1"]

1. e4 c6 2. Nc3 d5 3. Nf3 Bg4 4. h3 Bxf3 5. Qxf3 e6 6. g3 Nf6 7. Bg2 Nbd7 8. 0-0 Bb4 9. d3 0-0 10. Qe2 Bxc3 11. bxc3 dxe4 12. dxe4 Qa5 13. Bd2 Rfd8 14. Rfd1 Nb6 15. Be1 Qa4 16. Rd3 e5 17. f4 Re8 18. f5 Nbd7 19. Bf2 Qb5 20. Qe1 Nc5 21. Rb1 Nxd3 22. cxd3 Qa6 23. d4 exd4 24. cxd4 Qd3 25. e5 Qxf5 26. Rxb7 Nd5 27. Qc1 Qe6 28. Qc5 h5 29. Rxa7 Rxa7 30. Qxa7 h4 31. g4 Nf4 32. Bf1 Qd5 33. Qa4 Qf3 34. Qc2 Rb8 35. a4 Nxh3+ 36. Bxh3 Qxh3 37. a5 Qxg4+ 38. Kf1 h3 39. Bg1 Qf3+ 0-1

[Event "Titled Tuesday intern op 17th May Early"]
[Site "Chess.com INT"]
[Date "2022.05.17"]
[Round "4"]
[White "Kim, Yoon Young"]
[Black "Kuznetsov, Mikhail V"]
[Result "1-0"]
[WhiteElo "2315"]
[BlackElo "2234"]
[PlyCount "63"]
[EventDate "2022.05.17"]
[EventType "swiss (blitz)"]
[EventRounds "11"]
[EventCountry "USA"]
[SourceTitle "CBM 208 Extra"]
[Source "ChessBase"]
[SourceDate "2022.07.31"]
[SourceVersion "1"]
[SourceVersionDate "2022.07.31"]
[SourceQuality "1"]

1. d4 Nf6 2. c4 g6 3. Nc3 d5 4. cxd5 Nxd5 5. e4 Nxc3 6. bxc3 Bg7 7. Qa4+ c6 8. Nf3 0-0 9. Qa3 Bg4 10. Be2 e5 11. Bg5 Qd7 12. 0-0 Bxf3 13. Bxf3 exd4 14. Rad1 c5 15. e5 Bxe5 16. Qxc5 Qf5 17. cxd4 Nd7 18. Qc1 Rac8 19. Qe3 Bf6 20. Bxf6 Nxf6 21. Bxb7 Rc7 22. Bf3 Re8 23. Qb3 h5 24. h3 g5 25. Rfe1 Rxe1+ 26. Rxe1 g4 27. Ba8 Rd7 28. hxg4 hxg4 29. Qb8+ Kg7 30. Qe5 Qg6 31. Bc6 Rd8 32. d5 1-0

[Event "Titled Tuesday intern op 17th May Early"]
[Site "Chess.com INT"]
[Date "2022.05.17"]
[Round "3"]
[White "Kim, Yoon Young"]
[Black "Mortazavi, Ali"]
[Result "1-0"]
[WhiteElo "2315"]
[BlackElo "2333"]
[PlyCount "101"]
[EventDate "2022.05.17"]
[EventType "swiss (blitz)"]
[EventRounds "11"]
[EventCountry "USA"]
[SourceTitle "CBM 208 Extra"]
[Source "ChessBase"]
[SourceDate "2022.07.31"]
[SourceVersion "1"]
[SourceVersionDate "2022.07.31"]
[SourceQuality "1"]

1. d4 Nf6 2. c4 g6 3. Nc3 Bg7 4. Nf3 0-0 5. Bg5 d6 6. e3 c5 7. d5 b5 8. cxb5 a6 9. Nd2 e6 10. dxe6 Bxe6 11. Be2 axb5 12. Bxb5 d5 13. 0-0 Qb6 14. a4 Nc6 15. h3 h6 16. Bh4 g5 17. Bg3 Rfd8 18. Qe2 Nb4 19. Be5 d4 20. exd4 cxd4 21. Nce4 Nxe4 22. Qxe4 Bd5 23. Qf5 Be6 24. Qe4 Bd5 25. Qf5 Qb7 26. Bxg7 Kxg7 27. Qe5+ Kg8 28. Qg3 Qb6 29. h4 Qf6 30. Rac1 d3 31. Rc3 Bb7 32. Re1 Nc2 33. Re5 Nd4 34. Bxd3 Ne6 35. hxg5 hxg5 36. Ne4 Bxe4 37. Rxe4 Rab8 38. Re1 Rxb2 39. Bc4 Nf4 40. Rf3 Rdd2 41. Bf1 Rdc2 42. Re8+ Kg7 43. Re1 Rd2 44. Rfe3 Qg6 45. Re5 Nd3 46. Rxg5 Nxe1 47. Rxg6+ fxg6 48. Qe5+ Kh6 49. Qxe1 Re2 50. Qxe2 Rxe2 51. Bxe2 1-0

[Event "Titled Tuesday intern op 17th May Late"]
[Site "Chess.com INT"]
[Date "2022.05.17"]
[Round "3"]
[White "Lamaze, Simon"]
[Black "Kim, Yoon Young"]
[Result "1-0"]
[WhiteElo "2369"]
[BlackElo "2315"]
[PlyCount "97"]
[EventDate "2022.05.17"]
[EventType "swiss (blitz)"]
[EventRounds "11"]
[EventCountry "USA"]
[SourceTitle "CBM 208 Extra"]
[Source "ChessBase"]
[SourceDate "2022.07.31"]
[SourceVersion "1"]
[SourceVersionDate "2022.07.31"]
[SourceQuality "1"]

1. d4 Nf6 2. c4 e6 3. g3 d5 4. Nf3 dxc4 5. Bg2 Nc6 6. Qa4 Bd6 7. Na3 Bd7 8. Nxc4 Bb4+ 9. Kf1 0-0 10. Qc2 Nd5 11. a3 Be7 12. Bd2 Nb6 13. h4 h6 14. Ne3 Re8 15. g4 Bd6 16. g5 h5 17. Rd1 Ne7 18. Ne5 Bxe5 19. dxe5 Bc6 20. Bb4 Ned5 21. Nxd5 exd5 22. Bc3 Qe7 23. Bd4 Nc4 24. f4 Rad8 25. Bf3 g6 26. Kf2 Qd7 27. Rhg1 Nb6 28. Bxh5 Qe7 29. Bf3 Bd7 30. Qxc7 Rc8 31. Qd6 Qxd6 32. exd6 Ba4 33. Rd2 Bd7 34. h5 Bf5 35. hxg6 fxg6 36. Rh1 Kf7 37. Rh7+ Ke6 38. Rxb7 Nc4 39. Rd1 Nxd6 40. Rxa7 Ne4+ 41. Kg2 Ra8 42. Rxa8 Rxa8 43. Rc1 Rb8 44. b4 Nd6 45. Rc6 Kd7 46. Ra6 Nc4 47. Bxd5 Nd6 48. Kf3 Re8 49. Be5 1-0